000 00411nam a2200181Ia 4500
001 8124
005 20260306160546.0
008 260306t2009||||xx |||||||||||||| ||spa||
041 _aESP
082 _a370.114
_bC28
100 _aCarreras, Ll.
_eAUT
245 0 _aCómo educar en valores
260 _c2009
300 _a310páginas :
_c21cm.
650 _aGEN
654 _aCED
942 _cLIB
_dJUS
_fJUS
_2ddc
_n
999 _c8124
_d8124